Významnosť okrajových podmienok hydraulického posúdenia stokovej siete

Salvato in:
Dettagli Bibliografici
Autore principale: Rusnák, Dušan (Autore)
Altri autori: Stanko, Štefan (Relatore della tesi)
Natura: Manoscritto Libro
Lingua:slovacco
Pubblicazione: 2018
Soggetti:
Accesso online:http://is.stuba.sk/zp/portal_zp.pl?podrobnosti=133916
Tags: Aggiungi Tag
Nessun Tag, puoi essere il primo ad aggiungerne!!

MARC

LEADER 00000ntm a22000003a 4500
001 stuzp49133
003 SK-STU
005 20180818210227.8
007 ta
008 150427s2015----xo-----f-mn---000-0-slo-d
040 |a STU  |b slo 
041 0 |a slo 
100 1 |a Rusnák, Dušan  |u 010280  |4 aut  |U SvF Stavebná fakulta  |T SvF Katedra zdravotného inžinierstva  |X 67283  |U V280  |Y 29  |7 A000067283 
242 0 1 |a Significance of the boundary conditions of hydraulic assessment of sewer systems  |y eng 
245 1 0 |a Významnosť okrajových podmienok hydraulického posúdenia stokovej siete 
260 |c 2018 
650 4 |a okrajové podmienky  |2 slo 
650 4 |a modelovanie stokových sietí  |2 slo 
650 4 |a hydrodynamický model  |2 slo 
650 4 |a analytický nástroj  |2 slo 
650 4 |a boundary conditions  |2 eng 
650 4 |a sewer network modelling  |2 eng 
650 4 |a hydrodynamic models  |2 eng 
650 4 |a analytical tool  |2 eng 
700 1 |a Stanko, Štefan  |u 010280  |k Z1  |4 ths  |U SvF Stavebná fakulta  |T SvF Katedra zdravotného inžinierstva  |X 2740  |U V280  |Y 29  |7 A000002740 
856 4 |u http://is.stuba.sk/zp/portal_zp.pl?podrobnosti=133916 
996 |b 284V041446  |c V* 3409/DP-1339  |l VVS  |s P  |a 0  |w stuzp49133_0001